| 000 | 00797cad a22001935a 4500 | ||
|---|---|---|---|
| 001 | L155139 | ||
| 008 | 120306s2012 xxk 000 0 eng d | ||
| 035 | _a(Sirsi) u155139 | ||
| 041 | 0 | _aeng | |
| 110 | 2 |
_aEC Harris _94930 |
|
| 245 | 0 | 0 |
_aShaped for the future _breforming the NHS estate _h[electronic resource] |
| 260 |
_a[S.l.] _bECHarris _c2012 |
||
| 520 | _aEC Harris' service and estate efficiency review considers how to unlock the potential within the NHS estate and avoid inherent paradoxes in an era of localism to improve health outcomes. | ||
| 590 | _aKA NTK | ||
| 651 | 4 |
_aUnited Kingdom _y |
|
| 690 |
_aCommercial property _96227 |
||
| 856 | 4 | 0 |
_uhttps://www.echarris.com/pdf/NHS%20Estate%20Efficiency%20-%20precis.pdf _zView the item free of charge at www.echarris.com |
| 942 | _n0 | ||
| 999 |
_c113339 _d113339 |
||